| 000 | 00409nam a22001457a 4500 | ||
|---|---|---|---|
| 005 | 20180810150327.0 | ||
| 020 |
_a8122007139 _c00.00 |
||
| 035 | _aB-219788, B-219790 | ||
| 037 |
_aDPL _bENG |
||
| 100 | _aSingh, I.M. | ||
| 245 |
_aQuest beyond religion / _cby I.M. Singh |
||
| 260 |
_aDelhi _bKonark Publishers Pvt Ltd. _c2006 |
||
| 300 |
_axvii, 315p. _c22 cms. |
||
| 942 |
_2ddc _cEN _h291 _mSIN |
||
| 999 |
_c64716 _d64716 |
||